000 01206nam a2200217 u 4500
001 000794836
003 AM-YeHGA
005 20250617144210.0
008 110312s1979 ||||||||||||||||||||rus|c
040 _aAM-YeHGA
041 0 _arus
100 1 _aЛозоватская, Мария Александровна
245 1 0 _aХимические меры борьбы с сорной растительностью в посевах хлопчатника /
_cМ.А. Лозоватская; Министерство сельского хозяйства СССР., Всесоюзный ордена Ленина научно-исследовательский институт хлопководства(союзнихи).
260 _aТашкент :
_bФан УзССР,
_c1979.
300 _a136 с. :
_bил. ;
_c22 см.
504 _aЛит. : с. 124-132
650 1 4 _aСорные растения
_xБорьба
710 2 _aМинистерство сельского хозяйства СССР
710 2 _aВсесоюзный ордена Ленина научно-исследовательский институт хлопководства (союзнихи)
090 _c291445
999 _c289771
_d289771